Classement FIFA: les 20 meilleures nations (19/11/2025) - Statistiques

Statistiques générales
  • Ce quiz a été pris 181 fois
  • Le résultat moyen est 18 sur 20
Statistiques - réponses
Classement Confédération Nation % Correct
2 CONMEBOL Argentine
100%
5 CONMEBOL Brésil
100%
1 UEFA Espagne
100%
3 UEFA France
100%
4 UEFA Angleterre
99%
11 CAF Maroc
97%
12 UEFA Italie
96%
6 UEFA Portugal
95%
8 UEFA Belgique
94%
9 UEFA Allemagne
92%
15 CONCACAF Mexique
91%
7 UEFA Pays-Bas
91%
14 CONCACAF États-Unis
89%
18 AFC Japon
88%
19 CAF Sénégal
87%
13 CONMEBOL Colombie
86%
17 UEFA Suisse
85%
10 UEFA Croatie
84%
16 CONMEBOL Uruguay
84%
20 AFC Iran
53%
Aucun quiz correspondant
Distribution des résultats
% des personnes avec chaque résultat
Percentile par nombre de réponses
Votre historique - résultats
Vous n’avez pas pris ce quiz